Catálogo

SECRETOS DE LA GRAN PIRAMIDE (Registro nro. 4856)

Detalles MARC
000 -LEADER
fixed length control field 00458nam a2200169 a 4500
001 - CONTROL NUMBER
control field 4856
005 - DATE AND TIME OF LATEST TRANSACTION
control field 20180713184723.0
008 - FIXED-LENGTH DATA ELEMENTS--GENERAL INFORMATION
fixed length control field 140415s1987 000 0 spa d
041 ## - LANGUAGE CODE
Language code of text/sound track or separate title spa
082 ## - DEWEY DECIMAL CLASSIFICATION NUMBER
Classification number 133.32309
Item number TOM
100 1# - MAIN ENTRY--PERSONAL NAME
Personal name TOMPKINS, PETER
245 10 - TITLE STATEMENT
Title SECRETOS DE LA GRAN PIRAMIDE
260 ## - PUBLICATION, DISTRIBUTION, ETC.
Place of publication, distribution, etc. [s.l.] :
Name of publisher, distributor, etc. DIANA,
Date of publication, distribution, etc. 1987
300 ## - PHYSICAL DESCRIPTION
Extent 297
650 14 - SUBJECT ADDED ENTRY--TOPICAL TERM
Topical term or geographic name entry element ARQUITECTURA ANTIGUA
General subdivision PIRAMIDES
-- HISTORIA
700 1# - ADDED ENTRY--PERSONAL NAME
Personal name MA. MATEO, ANDRES
Relator term tr.
Existencias
Withdrawn status Lost status Source of classification or shelving scheme Damaged status Not for loan Collection code Home library Current library Shelving location Date acquired Source of acquisition Inventory number Total Checkouts Full call number Barcode Date last seen Price effective from Koha item type
    Dewey Decimal Classification     General Biblioteca Karol Wojtyla Biblioteca Karol Wojtyla Sala general 03/12/2013 Compra 151000000000000000060885   133.32309 TOM 16445 05/01/2026 03/12/2013 Libro